000 01082nam a22003257a 4500
001 673
005 20230630090305.0
008 230629b cb ||||| |||| 00| 0 eng d
020 _a0060214597 (lib. bdg.) :
_c$15.00 ($20.00 CDN)
020 _a0060214589
040 _aDLC
_cDLC
_dDLC
_beng
050 0 0 _aQL78
_b.A15 1993
082 0 0 _a597/.0074
_220
100 0 _aAliki.
245 1 0 _aMy visit to the aquarium /
_cAliki.
260 _aNew York :
_bScholastic,
_c1993.
300 _a33 pages :
_bcolor illustrations ;
_c28 cm.
505 _aM
520 _aDuring his visit to an aquarium, a boy finds out about the characteristics and environments of many different marine and freshwater creatures.
521 _a710
_bLexile
521 _aM
_bRaz-Plus
650 0 _aPublic aquariums
_vJuvenile literature.
650 0 _aAquatic biology
_vJuvenile literature.
650 1 _aAquariums.
650 1 _aAquatic biology.
650 1 _aMarine animals.
650 1 _aFreshwater animals.
906 _a7
_bcbc
_corignew
_d1
_eocip
_f19
_gy-gencatlg
942 _2ddc
_cBK
_n0
999 _c673
_d673